Project Engineering of Process Plants (Record no. 12066)
[ view plain ]
| 000 -LEADER | |
|---|---|
| fixed length control field | 00882cam a22002531 4500 |
| 001 - CONTROL NUMBER | |
| control field | 7468827 |
| 005 - DATE AND TIME OF LATEST TRANSACTION | |
| control field | 20050806152939.0 |
| 008 - FIXED-LENGTH DATA ELEMENTS--GENERAL INFORMATION | |
| fixed length control field | 740502s1957 nyua b 000 0 eng |
| 010 ## - LIBRARY OF CONGRESS CONTROL NUMBER | |
| LC control number | 57005929 |
| 035 ## - SYSTEM CONTROL NUMBER | |
| System control number | (OCoLC)877121 |
| 040 ## - CATALOGING SOURCE | |
| Original cataloging agency | DLC |
| Transcribing agency | PPD |
| Modifying agency | OCoLC |
| -- | DLC |
| 042 ## - AUTHENTICATION CODE | |
| Authentication code | premarc |
| 050 00 - LIBRARY OF CONGRESS CALL NUMBER | |
| Classification number | TP145 |
| Item number | .R33 |
| 082 ## - DEWEY DECIMAL CLASSIFICATION NUMBER | |
| Classification number | 660.28 |
| Edition number | 22 |
| Item number | RAS |
| 100 1# - MAIN ENTRY--PERSONAL NAME | |
| Personal name | Rase, Howard F. |
| 9 (RLIN) | 7058 |
| 245 10 - TITLE STATEMENT | |
| Title | Project Engineering of Process Plants |
| Statement of responsibility, etc | [by] Howard F. Rase and M.H. Barrow. Original illus. by James R. Holmes. |
| 260 ## - PUBLICATION, DISTRIBUTION, ETC. (IMPRINT) | |
| Place of publication, distribution, etc | New York, |
| Name of publisher, distributor, etc | Wiley |
| Date of publication, distribution, etc | 1957 |
| 300 ## - PHYSICAL DESCRIPTION | |
| Extent | 692 p.: |
| Other physical details | ill. ; |
| Dimensions | 24 cm. |
| 504 ## - BIBLIOGRAPHY, ETC. NOTE | |
| Bibliography, etc | Includes index |
| 650 #0 - SUBJECT ADDED ENTRY--TOPICAL TERM | |
| Topical term or geographic name as entry element | Chemical engineering. |
| 9 (RLIN) | 7059 |
| 700 1# - ADDED ENTRY--PERSONAL NAME | |
| Personal name | Barrow, M. H., |
| Relator term | joint author. |
| 9 (RLIN) | 7060 |
| 942 ## - ADDED ENTRY ELEMENTS (KOHA) | |
| Source of classification or shelving scheme | Dewey Decimal Classification |
| Item type | Book - Borrowing |
| Withdrawn status | Item status | Source of classification or shelving scheme | Damaged status | Not for loan | Vendor | Home library | Current library | Shelving location | Date acquired | Source of acquisition | Cost, normal purchase price | Total Checkouts | Full call number | Barcode | Date last seen | Koha item type |
|---|---|---|---|---|---|---|---|---|---|---|---|---|---|---|---|---|
| Dewey Decimal Classification | Alef-Baa | Central Library | Central Library | First floor | 28/06/2009 | 150.00 | 660.28 RAS | 000017250 | 15/07/2025 | Book - Borrowing |